Wird geladen...
BDH book of organic reagents
| Format: | Printed Book |
|---|---|
| Veröffentlicht: |
British Drug Houses Ltd., England
1958
|
| Ausgabe: | 10 |
| Schlagworte: |
| LEADER | 00522nam a2200193 4500 | ||
|---|---|---|---|
| 020 | |||
| 082 | |a 545.01 BDH10 | ||
| 100 | |||
| 245 | |a BDH book of organic reagents | ||
| 250 | |a 10 | ||
| 260 | |a British Drug Houses Ltd., England |c 1958 | ||
| 300 | |a 175 | ||
| 490 | |||
| 500 | |||
| 590 | |a Priya |b 2011-03-18 12:06:57 | ||
| 650 | |a Reagents- Analytical chemistry | ||
| 942 | |c BK | ||
| 999 | |c 97940 |d 97940 | ||
| 952 | |0 0 |1 0 |4 0 |6 545_010000000000000_BDH10 |7 0 |9 111408 |a AQU |b AQU |l 0 |o 545.01 BDH10 |p AQU04434 |r 2019-09-25 |w 2019-09-25 |y BK | ||